Monitoring the Health Populations: (Record no. 19361)

MARC details
000 -LEADER
fixed length control field 00491nam a22001457a 4500
008 - FIXED-LENGTH DATA ELEMENTS--GENERAL INFORMATION
fixed length control field 220701b |||||||| |||| 00| 0 eng d
020 ## - INTERNATIONAL STANDARD BOOK NUMBER
International Standard Book Number 0195146493
050 ## - LIBRARY OF CONGRESS CALL NUMBER
Classification number RA652.2
Item number .M66 2004
245 ## - TITLE STATEMENT
Title Monitoring the Health Populations:
Remainder of title Statistical Principles and Methods for Public Health Surveillance
Statement of responsibility, etc. Edited by Brookmeyer & Donna F. Stroup
260 ## - PUBLICATION, DISTRIBUTION, ETC. (IMPRINT)
Place of publication, distribution, etc. New York
Name of publisher, distributor, etc. OUP
Date of publication, distribution, etc. 2004
300 ## - PHYSICAL DESCRIPTION
Extent xvi, 370p.
650 ## - SUBJECT ADDED ENTRY--TOPICAL TERM
Topical term or geographic name as entry element Public health Surveillance
650 ## - SUBJECT ADDED ENTRY--TOPICAL TERM
Topical term or geographic name as entry element Epidemiology
942 ## - ADDED ENTRY ELEMENTS (KOHA)
Source of classification or shelving scheme Library of Congress Classification
Koha item type General Collection
Holdings
Withdrawn status Lost status Source of classification or shelving scheme Not for loan Home library Current library Date acquired Cost, normal purchase price Total Checkouts Full call number Barcode Date last seen Price effective from Koha item type
    Library of Congress Classification   Kabarak, Main Campus Kabarak, Main Campus 01/07/2022 9243.00   RA652.2 .M66 2004 c.1 031917 01/07/2022 01/07/2022 General Collection
Designed with assistance from East African Informatics Ltd